[Event "CAN-ch U20 2000"]
[Site "Montreal CAN"]
[Date "2000.05.03"]
[Round "1"]
[White "Rodina, Nataliya"]
[Black "Goldenberg, Danny"]
[Result "1/2-1/2"]
[WhiteElo "1962"]
[BlackElo "2321"]
[PlyCount "131"]
[GameId "2160767911716181"]
[EventDate "2000.05.03"]
[EventType "swiss"]
[EventRounds "8"]
[EventCountry "CAN"]

1. e4 c5 2. Nf3 Nc6 3. d4 cxd4 4. Nxd4 e5 5. Nb5 d6 6. N1c3 a6 7. Na3 b5 8. Nd5 Nge7 9. c4 Nd4 10. cxb5 Nxd5 11. exd5 Qh4 12. bxa6 Be7 13. Be3 Qe4 14. Qd3 Qxd5 15. Bxd4 exd4 16. Qb5+ Qxb5 17. Bxb5+ Kd8 18. O-O Bxa6 19. Bxa6 Rxa6 20. Nb5 Kd7 21. Rfc1 Rb8 22. a4 Rb7 23. Rd1 Bf6 24. Ra3 Rbb6 25. Rdd3 Rc6 26. g3 Rc4 27. Ra1 Rcxa4 28. Rad1 Rb6 29. Nxd4 Bxd4 30. Rxd4 Rxd4 31. Rxd4 Rxb2 32. Kg2 f5 33. h4 Ke6 34. Rd3 g6 35. Kf3 Rb7 36. Kf4 d5 37. Re3+ Kd6 38. Rd3 Re7 39. Rd2 Kc5 40. Rc2+ Kb4 41. Kg5 d4 42. Kf6 Re1 43. Rc7 Ra1 44. Rxh7 Ra6+ 45. Ke5 d3 46. h5 Ra5+ 47. Kf4 gxh5 48. Ke3 Rd5 49. Kd2 f4 50. Rf7 fxg3 51. fxg3 Kc4 52. Rf3 Rd4 53. Re3 Rg4 54. Rxd3 h4 55. Rc3+ Kb4 56. Rc1 Rxg3 57. Rh1 Rg4 58. Ke2 Kc5 59. Kf3 Rc4 60. Kg2 Kd5 61. Kh3 Ke5 62. Rf1 Re4 63. Rf8 Kd4 64. Rh8 Ke3 65. Rxh4 Rxh4+ 66. Kxh4 1/2-1/2

[Event "CAN-ch U20 2000"]
[Site "Montreal CAN"]
[Date "2000.05.03"]
[Round "1"]
[White "Timbaliuk, Veaceslav"]
[Black "Hare, Scott"]
[Result "0-1"]
[WhiteElo "1294"]
[BlackElo "1967"]
[PlyCount "36"]
[GameId "2160767911716183"]
[EventDate "2000.05.03"]
[EventType "swiss"]
[EventRounds "8"]
[EventCountry "CAN"]

1. e4 e6 2. d4 d5 3. exd5 exd5 4. Bd3 c5 5. dxc5 Bxc5 6. Nf3 Nf6 7. h3 O-O 8. O-O Ne4 9. Bf4 Qb6 10. Qe2 Nd7 11. b3 Ndf6 12. Ng5 Re8 13. Nxe4 Nxe4 14. Nc3 Bxh3 15. Nxd5 Qg6 16. Bg3 Qxg3 17. Bxe4 Bxg2 18. Bxh7+ Kh8 0-1

[Event "CAN-ch U20 2000"]
[Site "Montreal CAN"]
[Date "2000.05.04"]
[Round "2"]
[White "Caire, Francois"]
[Black "Masse, Hugues"]
[Result "0-1"]
[WhiteElo "1799"]
[BlackElo "2042"]
[PlyCount "90"]
[GameId "2160767911716185"]
[EventDate "2000.05.03"]
[EventType "swiss"]
[EventRounds "8"]
[EventCountry "CAN"]

1. f4 e5 2. fxe5 d6 3. exd6 Bxd6 4. Nf3 g5 5. g3 g4 6. Nh4 Ne7 7. e4 Ng6 8. Nf5 h5 9. Bg2 Nc6 10. d4 Bxf5 11. exf5 Nge7 12. Bg5 Qd7 13. f6 Ng6 14. d5 Nce5 15. Nc3 O-O-O 16. Qd4 Kb8 17. O-O-O h4 18. Ne4 h3 19. Bf1 Nf3 20. Qc3 Qa4 21. Qc4 Qa5 22. Be2 Nge5 23. Qb3 Rhe8 24. Bf4 Bf8 25. Bb5 Nd7 26. d6 c5 27. Bxd7 Rxd7 28. Qxf7 Red8 29. Qd5 b6 30. f7 Bg7 31. Ng5 Nd4 32. c3 Ne2+ 33. Kb1 Qb5 34. Kc2 Qa5 35. Ne6 Nxc3 36. Qd2 Qa4+ 37. Kc1 Nxa2+ 38. Kb1 Qe4+ 39. Kxa2 Qxe6+ 40. Qd5 Qxf7 41. Qxf7 Rxf7 42. d7+ Kb7 43. Rd6 Bd4 44. Rg6 Rg7 45. Rxg7 Bxg7 0-1

[Event "CAN-ch U20 2000"]
[Site "Montreal CAN"]
[Date "2000.05.04"]
[Round "2"]
[White "Cormos, Eugene"]
[Black "Bluvshtein, Mark"]
[Result "1-0"]
[WhiteElo "2069"]
[BlackElo "2283"]
[PlyCount "93"]
[GameId "2160767911716187"]
[EventDate "2000.05.03"]
[EventType "swiss"]
[EventRounds "8"]
[EventCountry "CAN"]

1. e4 e6 2. d4 d5 3. Nd2 Nf6 4. e5 Nfd7 5. Bd3 c5 6. c3 Nc6 7. Ne2 cxd4 8. cxd4 Qb6 9. Nf3 f6 10. exf6 Nxf6 11. O-O Bd6 12. Nc3 O-O 13. Be3 Bd7 14. Rc1 a6 15. Na4 Qc7 16. h3 Bf4 17. Re1 g6 18. Ne5 Bxe3 19. Rxe3 Qd6 20. Bb1 Rac8 21. Nc5 Rfe8 22. Nxb7 Qb4 23. Rb3 Qxd4 24. Nxd7 Nxd7 25. Nd6 Qxd1+ 26. Rxd1 Nc5 27. Ra3 Nb4 28. Nxe8 Rxe8 29. Ra5 Nb7 30. Ra4 a5 31. a3 Nc6 32. Rc1 Ne5 33. Rc7 Rb8 34. Rh4 Nd6 35. b4 axb4 36. Rxb4 Ra8 37. a4 h5 38. a5 Ne8 39. Rc3 Kf7 40. Re3 Nc4 41. Rf3+ Ke7 42. Bxg6 Ne5 43. Rg3 Nf6 44. Rb7+ Kd6 45. Rb6+ Kd7 46. Bc2 Ne8 47. Ba4+ 1-0

[Event "CAN-ch U20 2000"]
[Site "Montreal CAN"]
[Date "2000.05.04"]
[Round "2"]
[White "Egorov, Mikhail"]
[Black "Miron, Francois"]
[Result "1-0"]
[WhiteElo "1962"]
[BlackElo "1969"]
[PlyCount "99"]
[GameId "2160767911716188"]
[EventDate "2000.05.03"]
[EventType "swiss"]
[EventRounds "8"]
[EventCountry "CAN"]

1. Nf3 f5 2. d4 Nf6 3. c4 g6 4. g3 Bg7 5. Bg2 O-O 6. O-O d6 7. Nc3 c6 8. Qc2 Qc7 9. b3 e5 10. dxe5 dxe5 11. Bb2 f4 12. Nh4 Ng4 13. Ne4 Bf5 14. c5 Qf7 15. Nxf5 gxf5 16. Nd6 Qh5 17. h3 fxg3 18. Nxf5 gxf2+ 19. Kh1 Rxf5 20. Qc4+ Kh8 21. Qxg4 Qxg4 22. hxg4 Rf4 23. Rad1 Na6 24. Rd7 Nxc5 25. Rxg7 Ne4 26. Bxe4 Rxe4 27. Rg5 Re8 28. Rxf2 h6 29. Rgf5 Kg7 30. Rf7+ Kg6 31. Rxb7 Kg5 32. Rg7+ Kh4 33. Rh2+ Kg3 34. Rg2+ Kh4 35. Rh7 Re6 36. Bc1 Rxg4 37. Rxh6+ Rxh6 38. Rxg4+ Kxg4+ 39. Bxh6 Kf5 40. Kg2 Ke4 41. Kf2 a6 42. Bd2 Kd4 43. Kf3 c5 44. Kg4 c4 45. bxc4 Kxc4 46. Kf5 Kd5 47. e4+ Kd4 48. Bb4 Kc4 49. a3 Kd4 50. Bd6 1-0

[Event "CAN-ch U20 2000"]
[Site "Montreal CAN"]
[Date "2000.05.04"]
[Round "2"]
[White "Goldenberg, Danny"]
[Black "Feoktistov, Dmitri"]
[Result "0-1"]
[WhiteElo "2321"]
[BlackElo "1937"]
[PlyCount "134"]
[GameId "2160767911716189"]
[EventDate "2000.05.03"]
[EventType "swiss"]
[EventRounds "8"]
[EventCountry "CAN"]

1. e4 c6 2. d4 d5 3. e5 Bf5 4. Ne2 e6 5. Ng3 Bg6 6. h4 h6 7. h5 Bh7 8. Bd3 Bxd3 9. cxd3 Qb6 10. Qg4 c5 11. dxc5 Qxc5 12. O-O Nc6 13. Qa4 Qb4 14. Qd1 Nxe5 15. f4 Nc6 16. Nc3 Nf6 17. a3 Qb6+ 18. Kh1 Bd6 19. b4 O-O 20. Bb2 a6 21. Nb1 d4 22. Qf3 a5 23. Nd2 axb4 24. Nc4 Qd8 25. Nxd6 Qxd6 26. Ne4 Nxe4 27. dxe4 Rfd8 28. g4 e5 29. axb4 Rxa1 30. Bxa1 Qxb4 31. g5 Qd6 32. f5 hxg5 33. Qg4 Qf6 34. Bb2 d3 35. Rd1 Qe7 36. h6 gxh6 37. Qf3 Qb4 38. Ba1 d2 39. Kg2 Qc4 40. Kf2 b5 41. f6 Rd6 42. Qf5 Qe6 43. Qxe6 Rxe6 44. Rxd2 Rxf6+ 45. Ke3 Re6 46. Rd7 h5 47. Kf3 Rf6+ 48. Ke3 b4 49. Bb2 g4 50. Rd5 Re6 51. Rd2 Kg7 52. Kf2 h4 53. Kg2 Kg6 54. Rd7 f5 55. exf5+ Kxf5 56. Rd1 Re8 57. Rf1+ Ke4 58. Rc1 Nd4 59. Rd1 Ra8 60. Re1+ Kd5 61. Rd1 Ra2 62. Rd2 Ke4 63. Kf2 Ra6 64. Rd1 Rf6+ 65. Kg2 g3 66. Kg1 h3 67. Kh1 g2+ 0-1

[Event "CAN-ch U20 2000"]
[Site "Montreal CAN"]
[Date "2000.05.04"]
[Round "2"]
[White "Gottlieb, Jonathan"]
[Black "Pescarus, Radu"]
[Result "1-0"]
[WhiteElo "2143"]
[BlackElo "2005"]
[PlyCount "47"]
[GameId "2160767911716190"]
[EventDate "2000.05.03"]
[EventType "swiss"]
[EventRounds "8"]
[EventCountry "CAN"]

1. e4 c5 2. Nf3 d6 3. d4 cxd4 4. Nxd4 Nf6 5. Nc3 a6 6. Be2 e6 7. Be3 Be7 8. O-O O-O 9. f4 Qc7 10. g4 Nc6 11. f5 Ne5 12. Kh1 Kh8 13. Rg1 b5 14. g5 Ng8 15. Bd3 b4 16. Nce2 exf5 17. Nxf5 Bxf5 18. exf5 Qc6+ 19. Rg2 Rac8 20. Nd4 Qb7 21. f6 Bd8 22. fxg7+ Kxg7 23. Nf5+ Kh8 24. Nxd6 1-0

[Event "CAN-ch U20 2000"]
[Site "Montreal CAN"]
[Date "2000.05.04"]
[Round "2"]
[White "Gushuliak, Justin"]
[Black "Michalowski, Lukasz"]
[Result "1-0"]
[WhiteElo "2097"]
[BlackElo "1867"]
[PlyCount "73"]
[GameId "2160767911716191"]
[EventDate "2000.05.03"]
[EventType "swiss"]
[EventRounds "8"]
[EventCountry "CAN"]

1. e4 c5 2. c3 Nc6 3. d4 cxd4 4. cxd4 d5 5. exd5 Qxd5 6. Nf3 Nf6 7. Nc3 Qd8 8. h3 e6 9. Bd3 Be7 10. O-O O-O 11. a3 Re8 12. Re1 a6 13. Bc2 b5 14. Qd3 g6 15. Bb3 Bb7 16. Bg5 Na5 17. Ba2 Rc8 18. Ne5 Nd5 19. Bxe7 Nxe7 20. Ne4 Nd5 21. Rad1 Kg7 22. Nc5 Nf4 23. Qg3 Rxc5 24. Qxf4 Rc7 25. Ng4 Nc6 26. d5 g5 27. Qg3 Rd7 28. Qc3+ f6 29. dxc6 Rxd1 30. cxb7 Rxe1+ 31. Qxe1 h5 32. Ne3 Qb8 33. Qe2 Qxb7 34. Nf5+ exf5 35. Qxe8 Qc7 36. Qe1 g4 37. Qc3 1-0

[Event "CAN-ch U20 2000"]
[Site "Montreal CAN"]
[Date "2000.05.04"]
[Round "2"]
[White "Hare, Scott"]
[Black "Raheb, David"]
[Result "0-1"]
[WhiteElo "1967"]
[BlackElo "2148"]
[PlyCount "76"]
[GameId "2160767911716192"]
[EventDate "2000.05.03"]
[EventType "swiss"]
[EventRounds "8"]
[EventCountry "CAN"]

1. d4 d5 2. c4 c6 3. Nc3 Nf6 4. Nf3 dxc4 5. a4 Bf5 6. e3 e6 7. Bxc4 Bb4 8. O-O O-O 9. Qe2 Ne4 10. Bd2 a5 11. Nxe4 Bxe4 12. Bxb4 axb4 13. Ne5 Nd7 14. Nd3 Qe7 15. Qd2 Bxd3 16. Bxd3 e5 17. dxe5 Rfd8 18. Qc2 Nxe5 19. Bxh7+ Kh8 20. Be4 g6 21. g3 Rd7 22. Bg2 Rad8 23. Rfd1 Rxd1+ 24. Rxd1 Rxd1+ 25. Qxd1 Qd7 26. Qxd7 Nxd7 27. a5 Nc5 28. Kf1 Na4 29. a6 bxa6 30. b3 Nc5 31. Bxc6 Nxb3 32. Bd5 Nc5 33. Bxf7 Kg7 34. Ba2 a5 35. Bb1 a4 36. Ke2 b3 37. Kd1 a3 38. Kc1 Na4 0-1

[Event "CAN-ch U20 2000"]
[Site "Montreal CAN"]
[Date "2000.05.04"]
[Round "2"]
[White "Johnson, Kyle"]
[Black "Nathani, Kaleim"]
[Result "1-0"]
[WhiteElo "1584"]
[BlackElo "1909"]
[PlyCount "77"]
[GameId "2160767911716193"]
[EventDate "2000.05.03"]
[EventType "swiss"]
[EventRounds "8"]
[EventCountry "CAN"]

1. d4 Nf6 2. c4 g6 3. Nc3 Bg7 4. e4 d6 5. f4 c5 6. dxc5 dxc5 7. Qxd8+ Kxd8 8. Be3 Nbd7 9. Be2 b6 10. e5 Ne8 11. Bf3 Rb8 12. Nge2 Bb7 13. Ne4 Bxe4 14. Bxe4 f5 15. Bd5 Kc7 16. O-O-O Rd8 17. Nc3 a6 18. a4 Kc8 19. a5 bxa5 20. Na4 Nc7 21. e6 Nf6 22. Nb6+ Kb8 23. Bxc5 Nfxd5 24. cxd5 Bf6 25. Rd3 Nxe6 26. Be3 Nc7 27. Rb3 Nb5 28. Kb1 Bd4 29. Re1 Bxb6 30. Bxb6 Rxd5 31. Rxe7 a4 32. Rb4 Ka8 33. Rxa4 Rd1+ 34. Kc2 Rd6 35. Rxa6+ Kb8 36. Bc7+ Nxc7 37. Rxd6 Rc8 38. Rb6+ Ka8 39. Rxh7 1-0

[Event "CAN-ch U20 2000"]
[Site "Montreal CAN"]
[Date "2000.05.04"]
[Round "2"]
[White "Kenney, Jason"]
[Black "Timbaliuk, Veaceslav"]
[Result "1-0"]
[WhiteElo "1907"]
[BlackElo "1294"]
[PlyCount "83"]
[GameId "2160767911716194"]
[EventDate "2000.05.03"]
[EventType "swiss"]
[EventRounds "8"]
[EventCountry "CAN"]

1. d4 Nf6 2. c4 e5 3. dxe5 Ne4 4. e3 Bb4+ 5. Bd2 Nxd2 6. Nxd2 Qe7 7. Ngf3 Nc6 8. Be2 Nxe5 9. Nd4 d6 10. O-O Bd7 11. a3 Bc5 12. b4 Bb6 13. Qc2 O-O 14. Rac1 c5 15. N4f3 Nxf3+ 16. Bxf3 Rad8 17. b5 a6 18. a4 axb5 19. axb5 Qe5 20. Rfd1 Bf5 21. Be4 Bxe4 22. Nxe4 Rfe8 23. Rd5 Qe6 24. Rcd1 Bc7 25. Qd3 h6 26. Nc3 Rd7 27. e4 Red8 28. e5 f5 29. Na4 b6 30. exd6 Rxd6 31. Nxb6 Re8 32. Rxd6 Qe1+ 33. Qf1 Qxf1+ 34. Kxf1 Bxd6 35. Rxd6 Kf7 36. Rc6 Re5 37. Nd7 Re4 38. Rxc5 Rh4 39. b6 Rxh2 40. b7 Rh1+ 41. Ke2 Rb1 42. Rb5 1-0

[Event "CAN-ch U20 2000"]
[Site "Montreal CAN"]
[Date "2000.05.04"]
[Round "2"]
[White "Khaziyeva, Dinara"]
[Black "Ramaswamy, Kishor"]
[Result "0-1"]
[WhiteElo "1912"]
[BlackElo "1525"]
[PlyCount "70"]
[GameId "2160767911716195"]
[EventDate "2000.05.03"]
[EventType "swiss"]
[EventRounds "8"]
[EventCountry "CAN"]

1. e4 c6 2. d4 d5 3. e5 Bf5 4. Bd3 Bxd3 5. Qxd3 Qa5+ 6. c3 Qa6 7. Qh3 e6 8. f4 Nd7 9. Ne2 c5 10. Nd2 Ne7 11. g4 Nc6 12. f5 cxd4 13. fxe6 fxe6 14. cxd4 Nb4 15. Kd1 Rc8 16. Nc3 Nb6 17. Rf1 Nc4 18. Qf3 Be7 19. Qe2 Nd3 20. Nxc4 Qxc4 21. Rf3 Nxc1 22. Rxc1 Qxd4+ 23. Rd3 Qg1+ 24. Kc2 Qc5 25. Qd2 d4 26. Kb1 Qxe5 27. Re1 dxc3 28. Rxc3 Qb8 29. Rxe6 Rxc3 30. Qxc3 Qd8 31. Rxe7+ Qxe7 32. Qc8+ Qd8 33. Qe6+ Kf8 34. Qf5+ Ke7 35. Qe5+ Kd7 0-1

[Event "CAN-ch U20 2000"]
[Site "Montreal CAN"]
[Date "2000.05.04"]
[Round "2"]
[White "Liu, Ming"]
[Black "Rodina, Nataliya"]
[Result "0-1"]
[WhiteElo "1303"]
[BlackElo "1962"]
[PlyCount "76"]
[GameId "2160767911716197"]
[EventDate "2000.05.03"]
[EventType "swiss"]
[EventRounds "8"]
[EventCountry "CAN"]

1. d4 d5 2. c4 e6 3. Nc3 Nf6 4. Bg5 Nbd7 5. cxd5 exd5 6. Nxd5 Nxd5 7. Bxd8 Bb4+ 8. Qd2 Bxd2+ 9. Kxd2 Kxd8 10. e4 N5b6 11. Nf3 Re8 12. Bd3 Nf6 13. Ne5 Ke7 14. Rac1 c6 15. f3 Kf8 16. b3 Be6 17. g4 Rad8 18. Ke3 Nfd7 19. Nc4 Nxc4+ 20. bxc4 Nb6 21. h4 f5 22. g5 f4+ 23. Kxf4 Rxd4 24. Ke3 Red8 25. Be2 Nxc4+ 26. Kf2 Rd2 27. Rcd1 Rxd1 28. Rxd1 Rxd1 29. Bxd1 Nd6 30. Bb3 Bxb3 31. axb3 Ke7 32. Ke3 Ke6 33. Kd4 b5 34. Kc5 a5 35. Kd4 a4 36. bxa4 bxa4 37. Kc3 Nxe4+ 38. fxe4 Ke5 0-1

[Event "CAN-ch U20 2000"]
[Site "Montreal CAN"]
[Date "2000.05.04"]
[Round "2"]
[White "Olson, Hans"]
[Black "Guo, Joshua"]
[Result "1/2-1/2"]
[WhiteElo "2022"]
[BlackElo "2202"]
[PlyCount "104"]
[GameId "2160767911716198"]
[EventDate "2000.05.03"]
[EventType "swiss"]
[EventRounds "8"]
[EventCountry "CAN"]

1. e4 c5 2. Nf3 d6 3. d4 cxd4 4. Qxd4 Nc6 5. Bb5 Bd7 6. Bxc6 Bxc6 7. Nc3 Nf6 8. Bg5 e6 9. O-O-O Be7 10. Rhe1 Qc7 11. Bxf6 gxf6 12. Nd5 Bxd5 13. exd5 e5 14. Qg4 Rc8 15. Qa4+ Qd7 16. Qxa7 O-O 17. Qa3 f5 18. Rg1 Rc4 19. Kb1 Bf6 20. Nd2 Ra4 21. Qb3 b5 22. f3 Kh8 23. g4 fxg4 24. Ne4 Be7 25. Nc3 Rf4 26. fxg4 b4 27. Ne2 Rxg4 28. Qf3 Rg6 29. Qe4 Qb5 30. Nf4 Rxg1 31. Rxg1 Rg8 32. Rxg8+ Kxg8 33. Qg2+ Kf8 34. Nh5 Qc4 35. Qg7+ Ke8 36. Qg8+ Bf8 37. Ng7+ Ke7 38. Nf5+ Kf6 39. Ne3 Qf4 40. Qxf8 Qxe3 41. Qxd6+ Kg7 42. a3 bxa3 43. bxa3 Qd4 44. Qc6 e4 45. d6 e3 46. d7 Qd1+ 47. Kb2 e2 48. d8=Q Qxd8 49. Qg2+ Kf8 50. Qxe2 Qd4+ 51. Kb3 f5 52. Qb5 f4 1/2-1/2

[Event "CAN-ch U20 2000"]
[Site "Montreal CAN"]
[Date "2000.05.04"]
[Round "2"]
[White "Reddy, Tyler"]
[Black "Buscar, Michael"]
[Result "1/2-1/2"]
[WhiteElo "2185"]
[BlackElo "2081"]
[PlyCount "150"]
[GameId "2160767911716200"]
[EventDate "2000.05.03"]
[EventType "swiss"]
[EventRounds "8"]
[EventCountry "CAN"]

1. c4 c6 2. Nf3 d5 3. b3 Bg4 4. Bb2 e6 5. g3 Nf6 6. Bg2 Nbd7 7. O-O Be7 8. d3 O-O 9. Nbd2 Qc7 10. Qc2 Rac8 11. Rfc1 Qb8 12. a3 Rfe8 13. b4 a6 14. Qb3 Bf8 15. a4 b5 16. cxb5 cxb5 17. Nd4 Rxc1+ 18. Bxc1 bxa4 19. Rxa4 a5 20. bxa5 Qc7 21. Ra1 Rb8 22. Qa4 Qc3 23. N4f3 Rb4 24. Qa2 Rb8 25. h3 Bxf3 26. Nxf3 Bc5 27. Bd2 Qb2 28. Qxb2 Rxb2 29. a6 Rb8 30. Bf4 Ra8 31. e4 e5 32. Bg5 d4 33. h4 Ne8 34. Bh3 Nb8 35. Rc1 Nxa6 36. Nxe5 Ba3 37. Ra1 Bb2 38. Ra2 Bc3 39. Nc4 Nec7 40. Bf4 Re8 41. Nd6 Rf8 42. Nb5 Nb4 43. Nxc3 dxc3 44. Ra3 Nxd3 45. Rxc3 Nxf4 46. gxf4 Ne6 47. Bxe6 fxe6 48. Rf3 Kf7 49. Kg2 Rd8 50. Ra3 Rd7 51. Kg3 h5 52. Ra5 g6 53. Ra8 Kf6 54. f3 Rb7 55. Rc8 Rd7 56. Rc5 Re7 57. Rg5 Rg7 58. Kf2 Rh7 59. Ke3 Re7 60. Kf2 Ra7 61. f5 exf5 62. exf5 gxf5 63. Rxh5 Ra2+ 64. Kg3 Ra4 65. Rh6+ Kg7 66. Rb6 Kf7 67. h5 Kg7 68. h6+ Kh7 69. Rf6 Rb4 70. f4 Ra4 71. Rxf5 Kxh6 72. Rg5 Ra1 73. Kf3 Ra3+ 74. Kg4 Ra1 75. Kf5 Ra5+ 1/2-1/2

[Event "CAN-ch U20 2000"]
[Site "Montreal CAN"]
[Date "2000.05.04"]
[Round "2"]
[White "Robichaud, Martin"]
[Black "Ramaswamy, Kiran"]
[Result "1/2-1/2"]
[WhiteElo "1945"]
[BlackElo "1714"]
[PlyCount "100"]
[GameId "2160767911716201"]
[EventDate "2000.05.03"]
[EventType "swiss"]
[EventRounds "8"]
[EventCountry "CAN"]

1. e4 c5 2. Nf3 Nc6 3. Bb5 g6 4. O-O Bg7 5. Bxc6 bxc6 6. c3 Nf6 7. d3 O-O 8. Re1 Ba6 9. Qc2 d5 10. Be3 c4 11. dxc4 Nxe4 12. cxd5 cxd5 13. Nbd2 Nxd2 14. Qxd2 Qd7 15. Rad1 Rfd8 16. Bd4 Bxd4 17. Qxd4 f6 18. h3 Rab8 19. b3 e5 20. Qh4 Qe6 21. Nh2 Kg7 22. Ng4 e4 23. Qh6+ Kg8 24. Qf4 Kg7 25. Qc7+ Qd7 26. Qxd7+ Rxd7 27. Rxe4 Rc8 28. Red4 f5 29. Ne3 Rxc3 30. Rxd5 Rxd5 31. Rxd5 Bc8 32. Ra5 a6 33. Nc4 Rc1+ 34. Kh2 Rd1 35. Rc5 Be6 36. Rc6 Bxc4 37. Rxc4 Rd2 38. Ra4 Rxf2 39. Rxa6 f4 40. Kg1 Rb2 41. Ra7+ Kf6 42. Ra5 g5 43. Ra3 g4 44. hxg4 Kg5 45. Ra7 h6 46. Ra6 Kxg4 47. Rxh6 Rxa2 48. Rh3 Rb2 49. Rd3 Rb1+ 50. Kf2 Rb2+ 1/2-1/2

[Event "CAN-ch U20 2000"]
[Site "Montreal CAN"]
[Date "2000.05.04"]
[Round "2"]
[White "Vaingorten, Yaaqov"]
[Black "Bachand-Fleurent, Julien"]
[Result "1/2-1/2"]
[WhiteElo "2253"]
[BlackElo "1899"]
[PlyCount "98"]
[GameId "2160767911716202"]
[EventDate "2000.05.03"]
[EventType "swiss"]
[EventRounds "8"]
[EventCountry "CAN"]

1. Nf3 d5 2. d4 c6 3. c4 e6 4. e3 Nf6 5. Nc3 Bd6 6. Qc2 Nbd7 7. Bd3 O-O 8. O-O dxc4 9. Bxc4 b5 10. Bd3 Bb7 11. Bd2 a6 12. h3 Rc8 13. Ng5 h6 14. Nge4 Be7 15. Nxf6+ Nxf6 16. Ne4 Nxe4 17. Bxe4 Qc7 18. b4 Bd6 19. Bc3 Qe7 20. Qb2 f5 21. Bf3 Qf7 22. g3 g5 23. Qe2 f4 24. exf4 gxf4 25. Bg4 Rce8 26. Bh5 Qf5 27. Bf3 Qg5 28. g4 e5 29. dxe5 Bxe5 30. Qb2 h5 31. Rae1 hxg4 32. Bxg4 Bxc3 33. Qxc3 Bc8 34. Qxc6 Bxg4 35. Qg2 f3 36. Qxg4 Qxg4+ 37. hxg4 Rxe1 38. Rxe1 Rf4 39. a3 Rxg4+ 40. Kh2 Rg2+ 41. Kh3 Kf7 42. Re3 Rxf2 43. Kg3 Rf1 44. Rxf3+ Rxf3+ 45. Kxf3 Ke7 46. Ke3 Kd7 47. Kd3 Ke7 48. Ke3 Kd7 49. Kd4 Kd6 1/2-1/2

[Event "CAN-ch U20 2000"]
[Site "Montreal CAN"]
[Date "2000.05.04"]
[Round "3"]
[White "Bluvshtein, Mark"]
[Black "Kenney, Jason"]
[Result "1/2-1/2"]
[WhiteElo "2283"]
[BlackElo "1907"]
[PlyCount "49"]
[GameId "2160767911716204"]
[EventDate "2000.05.03"]
[EventType "swiss"]
[EventRounds "8"]
[EventCountry "CAN"]

1. e4 c5 2. Nf3 Nc6 3. d4 cxd4 4. Nxd4 g6 5. Nc3 Bg7 6. Be3 Nf6 7. Nxc6 bxc6 8. e5 Nd5 9. Nxd5 cxd5 10. Bd4 O-O 11. Be2 Qc7 12. f4 d6 13. exd6 Qxd6 14. O-O Bf5 15. Bxg7 Kxg7 16. Qd4+ f6 17. c4 Be4 18. Rad1 Rfd8 19. cxd5 Qxd5 20. Qb4 Qe6 21. Bc4 Qb6+ 22. Qxb6 axb6 23. Kf2 f5 24. g3 Kf6 25. Ke3 1/2-1/2

[Event "CAN-ch U20 2000"]
[Site "Montreal CAN"]
[Date "2000.05.04"]
[Round "3"]
[White "Caire, Francois"]
[Black "Khaziyeva, Dinara"]
[Result "1/2-1/2"]
[WhiteElo "1799"]
[BlackElo "1912"]
[PlyCount "71"]
[GameId "2160767911716206"]
[EventDate "2000.05.03"]
[EventType "swiss"]
[EventRounds "8"]
[EventCountry "CAN"]

1. d4 Nf6 2. c4 Nc6 3. Nf3 e6 4. Nc3 d6 5. e4 e5 6. dxe5 Nxe5 7. Nxe5 dxe5 8. Qxd8+ Kxd8 9. Bg5 c6 10. O-O-O+ Kc7 11. Bh4 Bd6 12. Be2 Be6 13. Rd2 Nd7 14. Nd5+ cxd5 15. cxd5 Bxd5 16. exd5 f6 17. Bc4 Nb6 18. Bb3 Kd7 19. Kb1 Rac8 20. f3 Bb4 21. Rd3 Bc5 22. Be1 Rc7 23. Ba5 Rd8 24. Rc1 Rdc8 25. Rdc3 Bd4 26. Rxc7+ Rxc7 27. Rxc7+ Kxc7 28. Kc2 Kd6 29. Bxb6 Bxb6 30. Bc4 Bg1 31. h3 Kc5 32. b3 g6 33. g4 b5 34. d6 Kc6 35. d7 Bb6 36. Bg8 1/2-1/2

[Event "CAN-ch U20 2000"]
[Site "Montreal CAN"]
[Date "2000.05.04"]
[Round "3"]
[White "Feoktistov, Dmitri"]
[Black "Gottlieb, Jonathan"]
[Result "0-1"]
[WhiteElo "1937"]
[BlackElo "2143"]
[PlyCount "130"]
[GameId "2160767911716207"]
[EventDate "2000.05.03"]
[EventType "swiss"]
[EventRounds "8"]
[EventCountry "CAN"]

1. d4 d5 2. c4 e6 3. Nc3 c5 4. e3 Nf6 5. Nf3 Nc6 6. Be2 dxc4 7. Bxc4 Be7 8. O-O O-O 9. a3 cxd4 10. exd4 a6 11. Be3 b5 12. Ba2 Bb7 13. Qe2 b4 14. axb4 Nxb4 15. Rac1 Nxa2 16. Nxa2 Qa5 17. Nc3 Qh5 18. Ne5 Qh4 19. f3 Rac8 20. Rfd1 Nd5 21. Nxd5 Bxd5 22. Qxa6 Ra8 23. Qe2 Bd6 24. Bf2 Qe7 25. Bg3 Rfc8 26. Qe3 Qb7 27. Rxc8+ Rxc8 28. Rc1 Rb8 29. Nd3 Bxg3 30. hxg3 Qb3 31. Rc3 Qa4 32. Kh2 h6 33. Qf4 Ra8 34. Rc7 Qe8 35. Ne5 f6 36. Qg4 g5 37. Nd7 Qd8 38. Nb6 Qxc7 39. Nxa8 Bxa8 40. Qxe6+ Kg7 41. d5 Qd8 42. d6 Bc6 43. g4 Qd7 44. Qb3 Qxd6+ 45. Kh1 Qc5 46. Qd1 Qf2 47. Qc1 Bxf3 48. gxf3 Qxf3+ 49. Kh2 Qf2+ 50. Kh1 Qh4+ 51. Kg1 Qxg4+ 52. Kh1 Qh3+ 53. Kg1 Qg3+ 54. Kh1 Qb3 55. Qd2 h5 56. Qd7+ Kh6 57. Qe8 Qxb2 58. Qh8+ Kg6 59. Qe8+ Kf5 60. Qxh5 Qc1+ 61. Kg2 Qd2+ 62. Kg1 Qe1+ 63. Kg2 Qe4+ 64. Kf1 Qf4+ 65. Ke1 Qh4+ 0-1

[Event "CAN-ch U20 2000"]
[Site "Montreal CAN"]
[Date "2000.05.04"]
[Round "3"]
[White "Goldenberg, Danny"]
[Black "Perecowicz, Jonathan"]
[Result "1-0"]
[WhiteElo "2321"]
[BlackElo "1286"]
[PlyCount "53"]
[GameId "2160767911716209"]
[EventDate "2000.05.03"]
[EventType "swiss"]
[EventRounds "8"]
[EventCountry "CAN"]

1. e4 c6 2. d4 d5 3. Nc3 dxe4 4. Nxe4 Bf5 5. Ng3 Bg6 6. h4 h6 7. f4 Qc7 8. Nf3 Nd7 9. h5 Bh7 10. Bd3 Bxd3 11. Qxd3 Ngf6 12. Ne5 e6 13. O-O Bd6 14. c4 Rd8 15. Qf3 O-O 16. c5 Bxe5 17. fxe5 Nd5 18. Ne4 b6 19. Qg4 Kh8 20. Nd6 Nb8 21. Bd2 Na6 22. Rac1 Nab4 23. Rf3 Nxa2 24. Rcf1 Rd7 25. Bxh6 gxh6 26. Rf6 Nxf6 27. Rxf6 1-0

[Event "CAN-ch U20 2000"]
[Site "Montreal CAN"]
[Date "2000.05.04"]
[Round "3"]
[White "Guo, Joshua"]
[Black "Egorov, Mikhail"]
[Result "0-1"]
[WhiteElo "2202"]
[BlackElo "1962"]
[PlyCount "108"]
[GameId "2160767911716210"]
[EventDate "2000.05.03"]
[EventType "swiss"]
[EventRounds "8"]
[EventCountry "CAN"]

1. e4 e5 2. Nf3 Nc6 3. Bb5 Bc5 4. O-O Nd4 5. Bc4 d6 6. c3 Nxf3+ 7. Qxf3 Nf6 8. d3 h6 9. Be3 Bxe3 10. fxe3 Be6 11. Nd2 O-O 12. Bb3 c6 13. d4 Bxb3 14. axb3 Qe7 15. Qf5 Qe6 16. Qxe6 fxe6 17. h3 Nd7 18. Nc4 exd4 19. exd4 d5 20. exd5 exd5 21. Nd6 b6 22. Rae1 Nf6 23. b4 Rad8 24. Nf5 Kh7 25. Re7 Rd7 26. Rxd7 Nxd7 27. Ne7 Rxf1+ 28. Kxf1 c5 29. bxc5 bxc5 30. dxc5 Nxc5 31. Nxd5 Kg6 32. Ke2 Kf5 33. Ke3 Ke5 34. Nb4 Na4 35. Nd3+ Kd5 36. Kd2 Ke4 37. b4 Nb6 38. Nc5+ Kd5 39. Kd3 Nc4 40. Nb3 Ne5+ 41. Kc2 Ke4 42. Na5 Kf4 43. b5 Kg3 44. Nc6 Nd7 45. Nxa7 g5 46. Nc8 Kxg2 47. b6 Kxh3 48. b7 g4 49. Ne7 g3 50. Nd5 g2 51. Nf4+ Kg3 52. Nxg2 Kxg2 53. c4 h5 54. c5 Nb8 0-1

[Event "CAN-ch U20 2000"]
[Site "Montreal CAN"]
[Date "2000.05.04"]
[Round "3"]
[White "Lentini, Joseph"]
[Black "Bachand-Fleurent, Julien"]
[Result "1-0"]
[WhiteElo "2130"]
[BlackElo "1899"]
[PlyCount "91"]
[GameId "2160767911716211"]
[EventDate "2000.05.03"]
[EventType "swiss"]
[EventRounds "8"]
[EventCountry "CAN"]

1. e4 e6 2. d3 d5 3. Nd2 Nf6 4. Ngf3 c5 5. g3 g6 6. Bg2 Bg7 7. O-O O-O 8. Re1 Nc6 9. c3 b6 10. e5 Nd7 11. d4 Ba6 12. a3 c4 13. h4 Na5 14. Rb1 Re8 15. Bh3 Qc8 16. Nf1 Qc6 17. N1h2 Bb5 18. Ng4 Ba4 19. Qe2 Qb7 20. Bg5 Nc6 21. h5 a5 22. Kg2 b5 23. Rh1 Rab8 24. Nf6+ Nxf6 25. Bxf6 b4 26. Qd2 bxc3 27. bxc3 Qc7 28. Bxg7 Kxg7 29. hxg6 Rxb1 30. gxf7 Qxf7 31. Rxb1 Bb3 32. Rh1 Qg6 33. Qf4 Bc2 34. Nd2 Na7 35. Rc1 Nb5 36. Rxc2 Qxc2 37. Qf6+ Kg8 38. Bxe6+ Rxe6 39. Qxe6+ Kf8 40. Qf6+ Ke8 41. Qc6+ Ke7 42. Qc5+ Ke6 43. Nf3 Nxc3 44. Qd6+ Kf7 45. e6+ Kg7 46. Qe7+ 1-0